000 00227 a2200109 4500
020 _a9788499070049
041 _aspa
100 _aAbece Visual
245 _aLos inviernos Que Cambiaron el mundo 1
942 _cBK
952 _71
999 _c23157
_d23157